Statystyki dla Ulice Skarżyska-Kamiennej

Kliknij tutaj aby rozwiązać quiz!

Ogólne statystyki

  • Ten quiz został rozwiązany 322 razy
    (26 od ostatniego zresetowania)
  • Średni wynik to 24 z 237

Statystyki odpowiedzi

HintOdpowiedź% Poprawnych
ul.Sienkiewicza
46%
ul.Krasińskiego
42%
ul.Warszawska
42%
ul.Krakowska
38%
ul.Słoneczna
38%
ul.Słowackiego
38%
ul.1 Maja
33%
ul.3 Maja
33%
al.Jana Pawła II
33%
ul.Leśna
33%
ul.Mickiewicza
33%
al.Piłsudskiego
33%
al.Tysiąclecia
33%
ul.Żeromskiego
33%
ul.Górnicza
29%
ul.Metalowców
29%
al.Niepodległości
29%
ul.Sokola
29%
ul.Wiejska
29%
ul.Armii Krajowej
25%
ul.Długa
25%
ul.Legionów
25%
ul.Lotnicza
25%
ul.Norwida
25%
ul.Paryska
25%
ul.Polna
25%
ul.Południowa
25%
ul.Sikorskiego
25%
ul.Wileńska
25%
ul.Apteczna
21%
ul.Brzozowa
21%
ul.Jodłowa
21%
ul.Kochanowskiego
21%
ul.Kolejowa
21%
ul.Konarskiego
21%
ul.Kopernika
21%
ul.Mała
21%
ul.Orla
21%
ul.Powstańców Warszawy
21%
ul.Pułaskiego
21%
ul.Rejowska
21%
ul.Staffa
21%
ul.Szkolna
21%
ul.Szydłowiecka
21%
ul.Wschodnia
21%
ul.Zielna
21%
ul.11 Listopada
17%
ul.Cicha
17%
ul.Cmentarna
17%
ul.Dębowa
17%
ul.Ekonomii
17%
ul.Gajowa
17%
ul.Klonowa
17%
ul.Kościelna
17%
ul.Kościuszki
17%
ul.Krzywa
17%
ul.Lipowa
17%
ul.Ponurego
17%
ul.Popiełuszki
17%
ul.Prusa
17%
ul.Rynek
17%
ul.Skalna
17%
ul.Świerkowa
17%
ul.Świętokrzyska
17%
ul.Akacjowa
13%
ul.Asnyka
13%
ul.Długosza
13%
ul.Główna
13%
ul.Grabowa
13%
ul.Grota Roweckiego
13%
ul.Łowiecka
13%
ul.Łyżwy
13%
ul.Matejki
13%
ul.Moniuszki
13%
ul.Nowa
13%
ul.Okrzei
13%
ul.Partyzantów
13%
ul.Reja
13%
ul.Sezamkowa
13%
ul.Sosnowa
13%
ul.Spółdzielcza
13%
ul.Sportowa
13%
ul.Staszica
13%
ul.Szpitalna
13%
ul.Topolowa
13%
ul.Wąska
13%
ul.Wierzbowa
13%
ul.Wojska Polskiego
13%
ul.Źródlana
13%
ul.Żwirki i Wigury
13%
ul.Asfaltowa
8%
ul.Bukowa
8%
ul.Działkowa
8%
ul.Dzielna
8%
pl.Floriański
8%
ul.Gołębia
8%
ul.Grottgera
8%
ul.Jaracza
8%
ul.Jastrzębia
8%
ul.Kasztanowa
8%
ul.Kilińskiego
8%
ul.Konopnickiej
8%
ul.Kosmonautów
8%
ul.Książęca
8%
ul.Łąkowa
8%
ul.Młodzawy
8%
ul.Mościckiego
8%
ul.Niska
8%
ul.Oseta Wasilewskiego
8%
ul.Piękna
8%
ul.Pogodna
8%
ul.Prosta
8%
ul.Rajdowa
8%
ul.Rycerska
8%
ul.Rzeczna
8%
ul.Sporna
8%
ul.Torowa
8%
ul.Wesoła
8%
ul.Wieżowa
8%
ul.Wiśniowa
8%
ul.Wysoka
8%
ul.17 Stycznia
4%
ul.Bazaltowa
4%
ul.Bernatka
4%
ul.Bobowskich
4%
ul.Brata Alberta
4%
ul.Chałubińskiego
4%
ul.Czerwonego Krzyża
4%
ul.Dobra
4%
ul.Fabryczna
4%
ul.Granitowa
4%
ul.Jagiellońska
4%
ul.Jagodowa
4%
ul.Jeżynowa
4%
ul.Kossaka
4%
ul.Krucza
4%
ul.Leśna Polana
4%
ul.Limanowskiego
4%
ul.Malinowa
4%
ul.Małowicza
4%
ul.Miła
4%
ul.Modrzewiowa
4%
ul.Nizinna
4%
ul.Organizacji Orzeł Biały
4%
ul.Orzeszkowej
4%
ul.Osterwy
4%
ul.Parkingowa
4%
ul.Piaskowa
4%
ul.Podlaska
4%
ul.Porzeczkowa
4%
ul.Praga
4%
ul.Przechodnia
4%
ul.Przekątna
4%
ul.Pszenna
4%
ul.Robotnicza
4%
ul.Spokojna
4%
ul.Stokowa
4%
ul.Struga
4%
ul.Szarych Szeregów
4%
ul.Tartaczna
4%
ul.Towarowa
4%
ul.Traugutta
4%
ul.Ukośna
4%
ul.Widokowa
4%
ul.Wioślarska
4%
ul.Wrzosowa
4%
ul.Wspólna
4%
ul.Wyspiańskiego
4%
ul.Zagórska
4%
ul.Żurawia
4%
ul.Zwycięzców
4%
ul.Żytnia
4%
ul.Bankowa
0%
ul.Bilskiego
0%
ul.Borówkowa
0%
ul.Budowlanych
0%
ul.Bursztynowa
0%
ul.Chemiczna
0%
ul.Chłodna
0%
ul.Ciepła
0%
ul.Czachowskiego
0%
ul.Dygasińskiego
0%
ul.Energetyków
0%
ul.Fałata
0%
ul.Franciszkańska
0%
ul.Gierymskiego
0%
ul.Głogowa
0%
ul.Grzybowa
0%
ul.Harcerska
0%
ul.Hubala
0%
ul.Iglasta
0%
ul.Jałowcowa
0%
ul.Jaskółcza
0%
ul.Jaworowa
0%
ul.Jesionowa
0%
ul.Kanarkowa
0%
ul.Kosynierów
0%
ul.Kredytowa
0%
ul.Krzemowa
0%
ul.Langiewicza
0%
ul.Laskowa
0%
ul.Marmurowa
0%
ul.Młoda
0%
ul.Mostowa
0%
ul.Multanka
0%
ul.Obuwnicza
0%
ul.Obywatelska
0%
ul.Odlewnicza
0%
ul.Ogólna
0%
ul.Ogrodnicza
0%
ul.Oleśnicka
0%
ul.Orkana
0%
ul.Podemłynek
0%
ul.Podjazdowa
0%
ul.Poziomkowa
0%
ul.Przesmyk
0%
ul.Ptasia
0%
ul.Racławicka
0%
ul.Równoległa
0%
ul.Rybickiego
0%
ul.Rzemieślnicza
0%
ul.Rzeźniana
0%
ul.Skowronkowa
0%
ul.Słowikowa
0%
ul.Spacerowa
0%
ul.Średnia
0%
ul.Świeża
0%
ul.Szmaragdowa
0%
ul.Tokarska
0%
ul.Turystyczna
0%
ul.Urzędnicza
0%
ul.Walecznych
0%
ul.Wiklinowa
0%
ul.Witwickich
0%
ul.Zacisze
0%
ul.Zaporęba
0%
ul.Zbrojna
0%

Rozkład punktacji

Percentyl według liczby udzielonych odpowiedzi

Procent ludzi z każdym wynikiem

Twoja historia wyników

Nie rozwiązałeś tego quizu od ostatniego zresetowania